Statistics for Gemstones and Minerals by Picture - Hard

Click here to take the quiz!

General Stats

  • This quiz has been taken 11 times
  • The average score is 7 of 24

Answer Stats

Answer% Correct
Galena
64%
Labradorite
64%
Rhodochrosite
64%
Sulfur
55%
Celestite
45%
Larimar
45%
Rhodonite
45%
Ametrine
36%
Chrysocolla
36%
Morganite
36%
Spinel
36%
Sunstone
36%
Chrysoprase
27%
Cinnabar
18%
Howlite
18%
Lepidolite
18%
Titanite
18%
Jet
9%
Neptunite
9%
Actinolite
0%
Cordierite
0%
Diaspore
0%
Oligoclase
0%
Periclase
0%

Score Distribution

Percentile by Number Answered

Percent of People with Each Score

Your Score History

You have not taken this quiz